000 00657nam a2200229Ia 4500
003 OSt
005 20220927105704.0
006 a|||||r|||| 00| 0
007 ta
008 220926b |||||||| |||| 00| 0 eng d
024 _a200501
037 _cReference Collections
040 _aRTL
_cRTL
_beng
041 _2eng
_aeng
082 _a"X:77.42.N3, J4"
100 _aLockwood William w
_9374199
245 0 _aThe economic development of japan
260 _aprinceton
_bnew jersey
_c1954
300 _aix603 p
_ccm.
942 _h"X:77.42.N3, J4"
_cCC
999 _c693898
_d693898